=LDR 00000nam 2200000 4500 =001 INLIS000000000009148 =005 20130612100952 =008 ***********************************Ind** =035 ##$$0010-061300000009148 =041 ##$$a Ind =082 ##$$a 005.369 =090 ##$$a 005.369, Tos-n =100 ##$$a Tosin, Rijanto =245 ##$$a Narasumber the norton utility versi 6.0, Rijanto Tosin, Indira Pudja =260 ##$$a 1991 $b Jakarta =300 ##$$a 249 hlm., ilus., 21 cm =650 ##$$a Komputer-Program norton utility 6 =650 ##$$a 0 =700 ##$$a Puja, Indira =850 ##$$a NBPNMAT